000 00640nam a2200205Ia 4500
003 GCL
008 140319s9999 xx 000 0 ara d
040 _aGCL /
_cGCL
082 0 4 _aق
_b398.22
_bح ق
100 1 _aحسن صبحى
245 1 0 _aقصص البردى المستخرجة من ملفات البردى المصرى /
_cحسن صبحى
260 _a[S.N] :
_bالجمعية الاثرية المصرية ،
_c1926
300 _a141 ص
490 _a
650 0 4 _aمصر القديمة
650 0 4 _aالفن المصرى القديم
650 0 4 _aالبردى
650 0 4 _aالقصص الشعبية
942 _2ddc
_cBK
999 _c36448
_d36448